书目信息 |
| 题名: |
简明建筑基础计算与设计手册
|
|
| 作者: | 张季容 编著 | |
| 分册: | ||
| 出版信息: | 北京 中国建筑工业出版社 |
|
| 页数: | 265页 | |
| 开本: | 16开 | |
| 丛书名: | ||
| 单 册: | ||
| 中图分类: | TU470 | |
| 科图分类: | ||
| 主题词: | 地基--基础(工程) | |
| 电子资源: | ||
| ISBN: | 7-112-03013-7 | |
| 000 | 00592nam0 2200193 45 | |
| 001 | 0006130905 | |
| 005 | 20001211155719.7 | |
| 010 | @a7-112-03013-7@d23.00元 | |
| 100 | @a20000613d km y0chiy0120 ea | |
| 101 | 0 | @achi |
| 105 | @a z 000yy | |
| 200 | 1 | @a简明建筑基础计算与设计手册@AJian Ming Jian Zhu Ji Chu Ji Suan Yu She Ji Shou Ce@f张季容编著@FZhang Ji Rong Bian Zhu |
| 210 | @a北京@c中国建筑工业出版社 | |
| 215 | @a265页@d16开 | |
| 606 | 0 | @a地基@x基础(工程) |
| 690 | @aTU470@v3 | |
| 701 | 0 | @a张季容@4编著 |
| 801 | @aCN@bPftUser@c20000613 | |
| 905 | @dTU470@eZH773@b305830-834@f5 | |
| 简明建筑基础计算与设计手册/张季容编著.-北京:中国建筑工业出版社 |
| 265页;16开 |
| ISBN 7-112-03013-7:23.00元 |
| ● |
| 相关链接 |
|
|
|
正题名:简明建筑基础计算与设计手册
索取号:TU470/ZH773
 
预约/预借
| 序号 | 登录号 | 条形码 | 馆藏地/架位号 | 状态 | 备注 |
| 1 | 305830 | 203058305 | 自科二线404/404自科库 28排4列1层/ [索取号:TU470/ZH773] | 在馆 | |
| 2 | 305831 | 203058314 | 自科二线404/404自科库 28排4列1层/ [索取号:TU470/ZH773] | 在馆 | |
| 3 | 305832 | 203058323 | 土木与交通工程学院资料室/土木与交通学院资料室 1排1列1层/ [索取号:TU470/ZH773] | 在馆 | |
| 4 | 305833 | 203058332 | 土木与交通工程学院资料室/土木与交通学院资料室 1排1列1层/ [索取号:TU470/ZH773] | 在馆 | |
| 5 | 305834 | 203058341 | 建筑库101/101建筑库 97排3列4层/ [索取号:TU470/ZH773] | 在馆 |